Causas naturales: ensayos de marxismo ecológico

Zapisane w:
Opis bibliograficzny
1. autor: O'Connor, James (autor)
Format: Książka
Język:hiszpański
Wydane: Ciudad de México Siglo Veintiuno 2001
Wydanie:1a. ed
Seria:Ambiente y Democracia
Hasła przedmiotowe:
Etykiety: Dodaj etykietę
Nie ma etykietki, Dołącz pierwszą etykiete!

MARC

LEADER 00000cam a2200000 a 4500
001 UCE5204
003 CL-VaPUC
008 141211e20010000mx |||||||||||||||||spa|d
020 |a 9682323010 
082 0 4 |a 333.72  |b OCO  |2 21 
100 |a O'Connor, James  |e autor  |9 577709 
245 1 0 |a Causas naturales: ensayos de marxismo ecológico 
250 |a 1a. ed 
300 |a 406 p 
942 |c BK 
945 |d 20141211 14:14:00  |a arojas 
260 |a Ciudad de México  |b Siglo Veintiuno  |c 2001 
650 0 |a Crecimiento económico   |9 314037 
650 0 |a Problemas ambientales  |9 381509 
650 7 |a CRISIS SOCIAL  |2 CL-VaPUC  |9 330236 
583 |a last modification  |c 20141211 14:14:00  |k Rodrigo Vera 
490 0 |a Ambiente y Democracia 
999 |c 357966  |d 357964 
952 |0 0  |1 0  |3 erb  |4 0  |6 333_720000000000000_OCO_2001  |7 0  |8 A  |9 466164  |a BIBING  |b BIBING  |i 5129192  |l 2  |m 1  |o 333.72 OCO 2001  |p 5129192  |r 2025-01-20  |s 2024-01-29  |w 2019-11-23  |y BK  |z Catalogado en:20141211  |k GEO